| 000 | 00404nam a2200169Ia 4500 | ||
|---|---|---|---|
| 005 | 20250423094408.0 | ||
| 008 | 250422s9999 xx 000 0 und d | ||
| 020 | _a0- 449- 21394- 3 | ||
| 050 | _aPZ 3 .R2818/ | ||
| 100 | _aRemarque, Erich Maria | ||
| 245 | 0 | _aAll quiet on the western front | |
| 260 | _aNew York | ||
| 260 | _bBallantine Books | ||
| 260 | _c1982 | ||
| 300 | _a295 p | ||
| 942 | _cBK | ||
| 999 |
_c27108 _d27108 |
||